LEADER 01508nam a2200289 u 4500 001 000000048248 003 CaOOAMICUS 005 20070226114958.0 008 000414s1999 it u000 u ita u 035 $a10845809 040 $aPUL$bita 100 1 $aBorek, Dariusz.$0(OLS)http://pul/name/35025 245 12$aL'esercizio della potestą coattiva nella Chiesa con particolare riferimento alla dimissione dei religiosi :$b(studio giuridico - storico) /$cDariusz Borek. 260 $aRoma :$bPontificia Universitą Lateranense,$c1999. 300 $a311 p. ;$c25 cm 490 1 $aPontificia Universitas Lateranensis. Theses ad Doctoratum in Iure Canonico 500 $aContiene indici. 502 $aThesis(doct.).-- Pontificia Universitas Lateranensis. 504 $aBibliografia : pp. [263]-305. 650 4$aReligiosi.$0(OLS)http://pul/subject/5553 650 4$aDiritto canonico.$0(OLS)http://pul/subject/1294 830 0$aTheses ad doctoratum in iure canonico (Pontificia Universitą Lateranense).$0(OLS)http://pul/title/3436 850 $aPUL 852 $aPUL$W1$xDP1 Tesi Pon Univ. Lateranense$y41$mTH PUL 823$j64337$nBK-PRI$b $qTesi$B64337$CPULBib$Z2$F64337 $HPUL81492 $81 941 1 $a16 996 $6245$aL'esercizio della potestą coattiva nella Chiesa con particolare riferimento alla dimissione dei religiosi :$b(studio giuridico - storico)$9(OLS)http://pul/title/64970 996 $6260$aRoma :$bPontificia Universitą Lateranense$9(OLS)http://pul/publisher/47963 LEADER 01428nam a2200325 a 4500 001 000000129404 003 CaOOAMICUS 005 20120626094518.0 008 120626s2001 dcud u000 u eng r 020 $z0878408568* 040 $aPUL$bita 082 04$a261.8 100 1 $aBarrera, Albino.$0(OLS)http://pul/name/82831 245 10$aModern Catholic social documents and political economy /$cAlbino Barrera. 246 33$aModern Catholic social documents & political economy 260 $aWashington, D.C. :$bGeorgetown University Press,$c©2001. 300 $axii, 340 p. :$bgrafici ;$c24 cm 500 $aInclude indice. 504 $aBibliografia p. 315-329. 650 4$aChiesa$xDottrina sociale.$0(OLS)http://pul/subject/7162 650 4$aReligione e societą.$0(OLS)http://pul/subject/4382 850 $aPUL 852 $aPUL$W1$xSL Religione 3$y85$m261. 8 BARAL 1$j149883$qDDC 21$B148410$CPULBib$Z2$F148410 $H120163 $82 941 1 $a9 996 $6020$z0878408568*$9(OLS)http://pul/number/150090 996 $6082$a261.8$9(OLS)http://pul/classification/367 996 $6245$aModern Catholic social documents and political economy$9(OLS)http://pul/title/163528 996 $6246$aModern Catholic social documents & political economy$9(OLS)http://pul/title/163529 996 $6260$aWashington, D.C. :$bGeorgetown University Press$9(OLS)http://pul/publisher/75485